Miasta z największym przyrostem i spadkiem ludności w Polsce 2015/16 - Statystyki

Ogólne statystyki
  • Ten quiz został rozwiązany 0 razy
  • Średni wynik to 0 z 10
Statystyki odpowiedzi
Wartość Ludność
2015/16
Zmiana
Powierzchni
Miasto % Poprawnych
-2,44% 2705/2639 - Bardo
0%
-2,50% 2118/2065 - Drohiczyn
0%
-2,35% 4514/4408 - Korsze
0%
+3,06% 3594/3704 - Mieszkowice
0%
-2,57% 3892/3792 - Nałęczów
0%
+3,32% 11201/11573 - Niepołomice
0%
-24,33% 9586/7254 -72,59% Pieszyce
0%
+3,07% 11698/12057 - Radzymin
0%
+6,43% 6381/6791 - Siechnice
0%
+2,97% 32844/33818 - Ząbki
0%
Nie znaleziono quizów pasujących do podanych kryteriów
Rozkład punktacji
Procent ludzi z każdym wynikiem
Percentyl według liczby udzielonych odpowiedzi
Twoja historia wyników
Nie rozwiązałeś tego quizu